| 000 | 00753nam a22001937a 4500 | ||
|---|---|---|---|
| 005 | 20100811112946.0 | ||
| 010 | _aENG-99529 | ||
| 020 |
_a9789380253145 _c75.00 |
||
| 035 | _aEN-83061 | ||
| 037 | _bDBAD/PUB | ||
| 082 | _a280 | ||
| 245 |
_aLive like the roses! : _ccompiled and edited by M.A. Joe Antony _bforty of the best articles on spirituality published in the new leader / |
||
| 260 |
_aTamilnadu _bVaigarai Publishing House _c2009 |
||
| 270 |
_aOpp. St. Mary's Publishing House, Dindigul _bTamilnadu _e624001 |
||
| 300 |
_a132p. _c21cm (pbk) _ephotos |
||
| 700 |
_aAntony, M. A. Joe _910659 |
||
| 942 |
_2ddc _cEN _h280 _mLIV |
||
| 999 |
_c40884 _d40884 |
||